01069nam a22002297a 4500003000500000005001700005008004100022020003000063040002300093082002000116245011700136260003700253300005000290504005100340520033100391521001000722648000600732651001600738700001000754942005600764999001900820322820250827114635.0250827b sa ||||| |||| 00| 0 eng d a9780796 920539qPaperback aRDAbENGLISHc3228 0a362.790968 SEXU aSexual abuse of young children in southern Africacedited by Linda Richter, Andrew Dawes and Craig Higson-Smith. aCape Town :bHSRC Press, c2004. axvi, 478 pages bColour illustrations:c21 cm aIncludes bibliographical references and index. aThis volume is the first attempt in the region to grapple with the full complexity of child sexual abuse in southern Africa. A range of experts present the facts, assess the depiction of the problem in the press, consider legal and policy responses and offer accounts of interventions in South Africa, Mozambique and Zimbabwe. aAdult 0v  0xAntiquities d2004. 2ddccBOOKw559xNosiswe Mogaley559zNosiswe Mogale c783897d783896